书目信息 |
| 题名: |
国际经济和盛会统计提要
|
|
| 作者: | ;国家统计局国际统计和外事司 编 | |
| 分册: | 1988 | |
| 出版信息: | 北京 中国统计出版社 1989.3 |
|
| 页数: | 446页 | |
| 开本: | 20厘米 | |
| 丛书名: | ||
| 单 册: | ||
| 中图分类: | C831 , F112 | |
| 科图分类: | ||
| 主题词: | 世界经济-统计资料--1988年 , 统计资料-世界经济--1988年 , 经济--世界 , 国际经济关系 | |
| 电子资源: | ||
| ISBN: | 7-5037-0172-2 | |
| 000 | 00944nam0 2200265 45 | |
| 001 | 0190008791 | |
| 005 | 20061102145445.76 | |
| 010 | @a7-5037-0172-2@dCNY6.30 | |
| 100 | @a19921208d1989 ekmy0chiy0121 ea | |
| 101 | 0 | @achi |
| 102 | @aCN@b110000 | |
| 105 | @ay iz 000yy | |
| 200 | 10 | @a国际经济和盛会统计提要@AGUO JI JING JI HE SHENG HUI TONG JI TI YAO@i1988@f国家统计局国际统计和外事司编@FGUO JIA TONG JI JU GUO JI TONG JI HE WAI SHI SI BIAN |
| 210 | @a北京@c中国统计出版社@d1989.3 | |
| 215 | @a446页@d20厘米 | |
| 540 | 1 | @a国际 经济 社会 统计 提要@AGUO JI JING JI SHE HUI TONG JI TI YAO |
| 606 | @a世界经济-统计资料@z1988年 | |
| 606 | @a统计资料-世界经济@z1988年 | |
| 606 | 0 | @a经济@x世界 |
| 606 | 0 | @a国际经济关系 |
| 690 | @aC831@v三版 | |
| 690 | @aF112@v3 | |
| 711 | 02 | @a国家统计局国际统计和外事司@AGUO JIA TONG JI JU GUO JI TONG JI HE WAI SHI SI@4编 |
| 801 | 0 | @aCN@bTSSF@c20061102 |
| 905 | @a10447@dF112@e28(1988) | |
| 国际经济和盛会统计提要.1988/国家统计局国际统计和外事司编.-北京:中国统计出版社,1989.3 |
| 446页;20厘米 |
| ISBN 7-5037-0172-2:CNY6.30 |
| ● |
| 相关链接 |
|
|
|
|
正题名:国际经济和盛会统计提要
索取号:F112/28(1988)
 
预约/预借
| 序号 | 登录号 | 条形码 | 馆藏地/架位号 | 状态 | 备注 |
| 1 | 0220679 | 000195675 | 第一样本阅览室/ [索取号:F112/28(1988)] | 在馆 |